00788cam a22002654a 45000010009000000050017000090080041000260100017000670200022000840200022001060350022001280400018001500420008001680430012001760500021001880820016002091000020002252450069002452500013003142600050003273000035003775040051004126510040004637000019005031339709320170105102846.0031106s2005 ohua b 001 0 eng  a 2003115115 a0324259697 (Pkg.) a0324226365 (Text) a(DLC) 2003115115 aDLCcDLCdDLC apcc an-us---00aHC103b.W34 200500a330.9732221 aWalton, Gary M.10aHistory of the American economy /cGary M. Walton, Hugh Rockoff. a10th ed. aMason, Ohio :bThomson/South-Western,cc2005. axvii, 622 p. :bill. ;c27 cm. aIncludes bibliographical references and index. 0aUnited StatesxEconomic conditions.1 aRockoff, Hugh.